Things Fall Apart - Chinua Achebe - Statistics

General Stats
  • This quiz has been taken 6 times
  • The average score is 11 of 15
Answer Stats
Hint Answer % Correct
How many years is Okonkwo's exile 7
100%
Who are the masked judges Egwugwu
100%
Name of the mother of Enzinma Ekwefi
100%
What insects foreshadow the arrival of the colonisers Locusts
100%
Who's son does Okonkwo kill leading to his exile Obuefi Ezeudu
100%
Name of the Reverend who replaces Mr Brown Smith
100%
Food that decides how rich you are Yam
100%
Name of the clan the colonisers first arrive in Abame
50%
Who is the Priestess of Agbala Chielo
50%
What clan does Ikemefuna come from Mbaino
50%
Name of the wife that Okonkwo beats in the Week of Peace Ojiugo
50%
What is the name for outcasts of the clan Osu
50%
What sacred animal did a Christian convert kill Python
50%
What is the district commissioner's book called The Pacification of the Primitive Tribes of the Lower Niger
50%
A child who repeatedly dies and is reborn is called a... Ogbanje
0%
No matching quizzes found
Score Distribution
Percent of People with Each Score
Percentile by Number Answered
Your Score History
You have not taken this quiz